Statistics for Asian Cities that I've Visited Picture Quiz

Click here to take the quiz!

General Stats

  • This quiz has been taken 34 times
  • The average score is 10 of 20

Answer Stats

Answer% Correct
Agra
87%
Beijing
83%
Dubai
83%
Tokyo
80%
Seoul
73%
Yangon
67%
Kyoto
63%
Bangkok
60%
Shanghai
60%
Singapore
60%
Delhi
47%
Ho Chi Minh City
37%
Kuala Lumpur
37%
Manila
37%
Taipei
37%
Macau
30%
Hangzhou
27%
Isfahan
27%
Mandalay
23%
Shenzhen
20%

Score Distribution

Percentile by Number Answered

Percent of People with Each Score

Your Score History

You have not taken this quiz